00490nam a2200193Ia 4500008004100000041001200041082001100053100002600064245003700090260003400127300000800161365000800169520001100177546001200188630003700200650001100237655001100248730003700259101110s9999 xx 000 0 und d aMARATHI bJR5315 aSiledar,& VitthalSing aKhel Schalan Va Krida Margdrashn c2006bAbhay Prakashan, Nanded a250 b120 aSports aMARATHI aKhel Schalan Va Krida Margdrashn aSports aSports aKhel Schalan Va Krida Margdrashn